000 00565nam a2200217Ia 4500
003 OSt
005 20220928144924.0
006 a|||||r|||| 00| 0
007 ta
008 220927b |||||||| |||| 00| 0 eng d
024 _a77156
037 _cTextual
040 _aSDCL
_cSDCL
_beng
041 _2eng
_aeng
082 _aR3xM8,PM, 111J9
100 _aChardin Pierre Theilhard De
_9510469
245 0 _aPhenomenon of man.
260 _c1959
942 _hR3xM8,PM, 111J9
_cTEXL
_2CC
999 _c830560
_d830560